| 000 | 00818nam a2200217Ia 4500 | ||
|---|---|---|---|
| 001 | 9757 | ||
| 003 | GE_BSU | ||
| 008 | 181216s||||||||xx |||||||||||||| ||und|| | ||
| 040 | _cGE_BSU | ||
| 080 | _a821.353.1+821.353.1-1+821.353.1-11 | ||
| 100 | _aნონეშვილი,იოსებ | ||
| 245 | _aთხზულებანი ორ ტომად. ტ.1 ლექსები, პოემა | ||
| 245 | _cრედ.ელგუჯა მაღრაძე,მხატვ.დავით დუნდუა | ||
| 260 | _aთბილისი | ||
| 260 | _bსაბჭოთა საქართველო | ||
| 260 | _c1982 | ||
| 300 | _a407გვ.1ფ.პორტრ.22სმ. | ||
| 653 | _aთხზულებანი | ||
| 653 | _aლექსები, პოემა | ||
| 942 | _cBK | ||
| 999 |
_c43037 _d43037 |
||